Traffic noise :The Vehicle regulations and their enforcement (Record no. 413880)

000 -LEADER
fixed length control field 00418cam a22001337a 4500
008 - FIXED-LENGTH DATA ELEMENTS--GENERAL INFORMATION
fixed length control field 180718b1972 xxu||||| |||| 00| 0 eng d
082 ## - DEWEY DECIMAL CLASSIFICATION NUMBER
Classification number X93 Un3 72
245 ## - TITLE STATEMENT
Title Traffic noise :The Vehicle regulations and their enforcement
Statement of responsibility, etc. by Her Majesty's
260 ## - PUBLICATION, DISTRIBUTION, ETC.
Place of publication, distribution, etc. London
Name of publisher, distributor, etc. Her Majesty's
Date of publication, distribution, etc. 1972
300 ## - PHYSICAL DESCRIPTION
Extent vi,66p
500 ## - GENERAL NOTE
General note Noise Advistory Council
650 ## - SUBJECT ADDED ENTRY--TOPICAL TERM
Topical term or geographic name entry element Traffic noise --Bibliography
700 ## - ADDED ENTRY--PERSONAL NAME
Personal name U.K. Her Majesty's
Holdings
Withdrawn status Lost status Damaged status Not for loan Permanent Location Current Location Date acquired Full call number Barcode Date last seen Price effective from Koha item type
        Indian Institute of Public Administration Indian Institute of Public Administration 2009-02-19 X93 Un3 72 DA4267 2018-07-21 2018-07-21 DA

Powered by Koha